Normal view MARC view
  • Protheroe and Morris

Entry Corporate Name

Number of records used in: 1

001 - CONTROL NUMBER

  • control field: 5384

003 - CONTROL NUMBER IDENTIFIER

  • control field: SIRSI

005 - DATE AND TIME OF LATEST TRANSACTION

  • control field: 20190806150242.0

008 - FIXED-LENGTH DATA ELEMENTS

  • fixed length control field: 071011n| acannaabn |n ana d

040 ## - CATALOGING SOURCE

  • Original cataloging agency: OSt
  • Transcribing agency: OSt

110 2# - HEADING--CORPORATE NAME

  • Corporate name or jurisdiction name as entry element: Protheroe and Morris

670 ## - SOURCE DATA FOUND

  • Source citation: Bayview Estate, Whitstable-on-Sea...Messrs. Protheroe and Morris will offer for sale by auction in a marquee on the Estate on Tuesday September 27 1904 at 2.30 p.m., 86 choice plots of freehold building land..., 1904